000 00878nam a2200301Ia 4500
003 OSt
005 20220912145203.0
006 a|||||r|||| 00| 0
007 ta
008 220909b |||||||| |||| 00| 0 eng d
020 _a9788184895223 (pbk)
024 _a111896
037 _b3258, 20/10/2010, New India Book Agency
037 _cTextbook
040 _aCSL
_beng
_cCSL
041 _aeng
082 _aB6:2, N2-;1 TB
100 _aHarris Joe
245 0 _aAlgebraic geometry:a first course
260 _aBerlin
_bSpringer
_c1992
300 _axix, 328p.
_ccm.
500 _aRefrences 314-316p.; Index 317-328p.
650 _a Algberaic geometry
650 _aMathematics
942 _hB6:2, N2-;1 TB
_cTB
_2CC
999 _c25387
_d25387